00606nam a2200169Ia 4500008004000000020001800040082001300058100001700071245006700088260004100155300000800196650001900204690001900223906001100242999001900253952016400272210210b2003 xxu||||| |||| 00| 0 eng d a81 7141 705 1 a954 KUMH aKUMAR (Raj). aHistory and culture series: essays on indian freedom movement. aNDbDiscovery Publishing Housec2003 a224 aIndian culture aIndian History a059450 c106752d106752 001040708HistoryaALbALcHistoryd2021-02-17eAlka Prakashan Kanpur-208007g475.00l4m1o954 KUMHp059450r2026-05-15 09:11:54s2026-05-09w2021-02-17yBK